| 000 | 01276nam a22003497a 4500 | ||
|---|---|---|---|
| 003 | CHAP | ||
| 005 | 20220329140310.0 | ||
| 008 | 971013s1983 r 00010 d | ||
| 010 | _a50003 | ||
| 011 | _a50975 | ||
| 035 | _a55125 | ||
| 040 | _cCHAP | ||
| 090 | _aTesis | ||
| 100 | 0 | 0 |
_aVillarreal Ochoa, Jesús Carlos. _9119645 |
| 245 | _aEstudios de factibilidad económica para producción de flores bajo condiciones controladas en General Terán, N.L., e investigación del mercado para introducción al área metropolitana de Monterrey, N.L. | ||
| 260 |
_a(Monterrey, N.L.) : _bEl autor, _c1983 |
||
| 300 |
_a51 h. _b: ilus. |
||
| 502 | _aTesis (Ing. Agrónomo en Producción) -- ITESM. División de Ciencias Agropecuarias y Marítimas | ||
| 590 |
_aALEPH _b10 _c20130110 _lUCH01 _h1323 |
||
| 590 |
_aBATCH-UPD _b10 _c20130110 _lUCH01 _h0558 |
||
| 590 |
_aBATCH-UPD _b10 _c20130410 _lUCH01 _h0239 |
||
| 590 |
_aBATCH-UPD _b10 _c20130914 _lUCH01 _h0947 |
||
| 590 |
_aCONVERSION _b10 _c20130109 _lUCH01 _h1327 |
||
| 650 | 1 | 4 |
_aClavel. _923698 |
| 650 | 1 | 4 |
_aCrisantemo. _928941 |
| 650 | 1 | 4 |
_aCultivos en invernadero. _930376 |
| 650 | 1 | 4 |
_aFlores _xMercadeo. _941388 |
| 650 | 1 | 4 |
_aRosas. _999959 |
| 901 | _aBK | ||
| 942 | _cTESIS | ||
| 949 |
_bBC _cTES _d-121174 _eTS1 _i55125 _si |
||
| 999 |
_c50003 _d50003 |
||